| 000 | 01771cam a2200469 4500 | ||
|---|---|---|---|
| 001 | 21877 | ||
| 003 | VRT | ||
| 005 | 20260313141655.0 | ||
| 008 | 231018s2023 xo af b 010 j slo | ||
| 015 | _aSNBA2024/01 | ||
| 020 |
_a9788080905699 _q(viazané) |
||
| 039 | 9 |
_a202401101518 _bmsnk176 _c202310181111 _dmsnk90 |
|
| 040 |
_aSNK _bslo _cSNK _erda |
||
| 041 | 1 |
_aslo _heng |
|
| 044 |
_axo _cSK |
||
| 072 | 7 |
_a821.111(73) _xAmerická literatúra _2konspekt |
|
| 072 | 7 |
_a821-93 _xLiteratúra pre deti a mládež (beletria) _2konspekt |
|
| 080 |
_a821.111(73)-32 _22011 |
||
| 080 |
_a82-93-053.4/.5 _22011 |
||
| 100 | 1 |
_aFaris, Stephanie _4aut |
|
| 240 | 1 | 0 |
_aPiper Morgan to the Rescue _lSlovensky |
| 245 | 1 | 0 |
_aRyšavka Zuzka zachraňuje _cnapísala Stephanie Farisová ; ilustrovala Lucy Flemingová ; z anglického originálu Piper Morgan to the Rescue ... preložila Daniela Hrúziková |
| 250 | _aVydanie 1. | ||
| 264 | 1 |
_aBratislava _bGrada Slovakia s.r.o. _c2023 |
|
| 300 |
_a103 strán _bčiernobiele ilustrácie, čiernobiele ilustrované listy _c20 cm |
||
| 336 |
_atext _btxt _2rdacontent |
||
| 336 |
_astatický obraz _bsti _2rdacontent |
||
| 337 |
_abez média _bn _2rdamedia |
||
| 338 |
_azväzok _bnc _2rdacarrier |
||
| 521 | 8 | _aPre deti od 6 rokov | |
| 655 | 7 |
_aamerické príbehy _2SNKPH |
|
| 655 | 7 |
_aliteratúra pre deti _2SNKPH |
|
| 655 | 7 |
_aAmerican stories _2SNKPHeng |
|
| 655 | 7 |
_aChildren's literature _2SNKPHeng |
|
| 700 | 1 |
_aFleming, Lucy _4ill |
|
| 700 | 1 |
_aHrúziková, Daniela _4ill |
|
| 787 | 0 | 8 |
_iZo série: _tRyšavka Zuzka _g1 |
| 942 |
_2ddc _cKLDE _n0 |
||
| 949 |
_617A1535858 _asnkSC 203909 _bsnk2023/15024 _o1225/23 |
||
| 949 |
_617A1535859 _asnkSC 203909 D1 _bsnk2023/15025 _o1225/23 |
||
| 999 |
_c21877 _d21877 |
||